[Event "Kaluga Tsiolkovsky Memorial op"]
[Site "Kaluga"]
[Date "2016.08.09"]
[Round "4"]
[White "Polekhin, D."]
[Black "Zajtzeva, Viktoria"]
[Result "0-1"]
[WhiteElo "1597"]
[BlackElo "1981"]
[PlyCount "108"]
[EventDate "2016.08.06"]
[EventType "swiss"]
[EventRounds "9"]
[EventCountry "RUS"]
[SourceTitle "CBM 174 Extra"]
[Source "ChessBase"]
[SourceDate "2016.10.10"]
[SourceVersion "1"]
[SourceVersionDate "2016.10.10"]
[SourceQuality "1"]

1. e4 c5 2. Nc3 e6 3. Bb5 a6 4. Be2 Qc7 5. d3 Nf6 6. Bg5 Be7 7. Qd2 h6 8. Bf4 d6 9. Bg3 Nc6 10. Bf3 Nd4 11. 0-0-0 Rb8 12. Re1 e5 13. Re3 Be6 14. Kb1 b5 15. h4 Qa5 16. b3 0-0 17. Nge2 Rfc8 18. Rd1 Qb6 19. Nd5 Bxd5 20. exd5 Nf5 21. Re4 Nxe4 22. dxe4 Nxg3 23. fxg3 c4 24. Nc3 Qc5 25. Bg4 Rc7 26. Rc1 a5 27. Qe1 a4 28. Be2 Qa3 29. Bd1 cxb3 30. cxb3 Qb4 31. Qe3 Rbc8 32. Ne2 Rxc1+ 33. Nxc1 Qa5 34. Bg4 Rc3 35. Qf2 Qc7 36. Qe1 Bd8 37. Ne2 Rc2 38. Qd1 axb3 39. axb3 Rc5 40. Qd2 Qb7 41. b4 Rc4 42. Bf3 Bb6 43. Nc1 Bd4 44. Na2 Qb6 45. Be2 Rc8 46. Qd3 Qa6 47. g4 Ra8 48. Qb3 Qa3 49. Qxa3 Rxa3 50. Bf3 Rb3+ 51. Kc1 Rb2 52. Kd1 Rxa2 53. Be2 Rxe2 54. Kxe2 Bc3 0-1

[Event "Chigorin Memorial 23rd"]
[Site "St Petersburg"]
[Date "2015.10.11"]
[Round "9"]
[White "Zajtzeva, Viktoria"]
[Black "Martynyuk, Elizaveta"]
[Result "0-1"]
[WhiteElo "1891"]
[BlackElo "2031"]
[PlyCount "108"]
[EventDate "2015.10.03"]
[EventType "swiss"]
[EventRounds "9"]
[EventCountry "RUS"]
[SourceTitle "CBM 168 Extra"]
[Source "ChessBase"]
[SourceDate "2015.10.29"]
[SourceVersion "1"]
[SourceVersionDate "2015.10.29"]
[SourceQuality "1"]

1. Nf3 d5 2. g3 Nf6 3. Bg2 c6 4. 0-0 Bf5 5. d3 h6 6. Nbd2 e6 7. Re1 Bc5 8. e3 0-0 9. Qe2 Bh7 10. e4 dxe4 11. Nxe4 Nxe4 12. dxe4 Nd7 13. e5 Qc7 14. c3 a5 15. Be3 Rad8 16. Rad1 Qb6 17. Bd4 Bxd4 18. cxd4 Qb4 19. g4 Nb6 20. g5 Bg6 21. Nh4 hxg5 22. Nxg6 fxg6 23. a3 Qe7 24. Be4 Nd5 25. Bxd5 Rxd5 26. Qc2 Rf5 27. Re3 g4 28. Rg3 Qh4 29. Qe4 Rfxe5 30. dxe5 Rxd1+ 31. Kg2 Qd8 32. Qxg4 Qd5+ 33. Kh3 Rd3 34. Qxg6 Rxg3+ 35. Qxg3 b5 36. f4 Qe4 37. Kh4 Qh7+ 38. Kg4 Qg6+ 39. Kf3 Qxg3+ 40. hxg3 Kf7 41. Ke4 c5 42. g4 g5 43. f5 exf5+ 44. gxf5 g4 45. e6+ Ke8 46. f6 g3 47. Kd5 g2 48. Kxc5 g1Q+ 49. Kxb5 Qg5+ 50. Ka4 Qxf6 51. Kxa5 Qxb2 52. a4 Ke7 53. Ka6 Kxe6 54. a5 Kd6 0-1

[Event "Chigorin Memorial 23rd"]
[Site "St Petersburg"]
[Date "2015.10.09"]
[Round "7"]
[White "Sergeeva, Natalia"]
[Black "Zajtzeva, Viktoria"]
[Result "1-0"]
[WhiteElo "2077"]
[BlackElo "1891"]
[PlyCount "113"]
[EventDate "2015.10.03"]
[EventType "swiss"]
[EventRounds "9"]
[EventCountry "RUS"]
[SourceTitle "CBM 168 Extra"]
[Source "ChessBase"]
[SourceDate "2015.10.29"]
[SourceVersion "1"]
[SourceVersionDate "2015.10.29"]
[SourceQuality "1"]

1. e4 c5 2. Nf3 e6 3. d4 cxd4 4. Nxd4 Nc6 5. Nc3 Qc7 6. f4 a6 7. Nxc6 bxc6 8. Bd3 Nf6 9. 0-0 d6 10. Qf3 e5 11. fxe5 dxe5 12. Qg3 Be6 13. Be3 Ng4 14. Bd2 h5 15. h3 Bc5+ 16. Kh1 Qa7 17. Nd1 a5 18. Rf3 Rb8 19. b3 Bg1 20. Qh4 Kd7 21. Qe1 Bb6 22. c4 Bd4 23. Rb1 a4 24. b4 Ke7 25. Bc3 Nf6 26. Bxd4 Qxd4 27. Ne3 Rhd8 28. Nc2 Qa7 29. Qg3 Kf8 30. Qxe5 Rd7 31. Qc3 h4 32. Rf4 Rbd8 33. Ne1 Nh5 34. Rxh4 Ng3+ 35. Kh2 Qe3 36. Qc1 Qxc1 37. Rxc1 Rxd3 38. Rh8+ Ke7 39. Rxd8 Rxd8 40. Kxg3 Rd4 41. Kf3 f5 42. exf5 Bxf5 43. a3 Rd2 44. Rc3 Be6 45. Ke3 Rb2 46. g4 Rh2 47. Kd4 Kd6 48. Re3 Rd2+ 49. Rd3 Rc2 50. Nf3 Re2 51. Ng5 Bg8 52. Ne4+ Kc7 53. Nc3 Rc2 54. Kc5 g5 55. Re3 Kd7 56. b5 cxb5 57. cxb5 1-0

[Event "Chigorin Memorial 23rd"]
[Site "St Petersburg"]
[Date "2015.10.06"]
[Round "4"]
[White "Zajtzeva, Viktoria"]
[Black "Chekletsov, Egor"]
[Result "1-0"]
[WhiteElo "1891"]
[BlackElo "2082"]
[PlyCount "103"]
[EventDate "2015.10.03"]
[EventType "swiss"]
[EventRounds "9"]
[EventCountry "RUS"]
[SourceTitle "CBM 168 Extra"]
[Source "ChessBase"]
[SourceDate "2015.10.29"]
[SourceVersion "1"]
[SourceVersionDate "2015.10.29"]
[SourceQuality "1"]

1. Nf3 Nf6 2. g3 g6 3. Bg2 Bg7 4. 0-0 0-0 5. d3 d5 6. Nbd2 Re8 7. e4 e5 8. Re1 d4 9. h3 c5 10. Nc4 Nc6 11. a4 b6 12. b3 Qc7 13. Nh4 Be6 14. f4 Nh5 15. f5 Bxc4 16. bxc4 Nxg3 17. Kh2 Nh5 18. Qg4 Nf6 19. Qg3 Ne7 20. Rf1 Kh8 21. Bg5 Nh5 22. Qg4 Ng8 23. Bf3 Bf6 24. Bxf6+ Ngxf6 25. Qg5 Qe7 26. Bxh5 Nxh5 27. f6 Qd6 28. Nf5 Qxf6 29. Qxf6+ Nxf6 30. Nd6 Re6 31. Nxf7+ Kg7 32. Ng5 Re7 33. Rf2 h6 34. Nf3 Rf8 35. Raf1 Nh5 36. Kg2 Nf4+ 37. Kg3 g5 38. h4 Kg6 39. hxg5 hxg5 40. Kg4 Nh5 41. Nxe5+ Rxe5 42. Rxf8 Nf4 43. Rf5 Rxf5 44. exf5+ Kf6 45. Rxf4 gxf4 46. Kxf4 Kf7 47. Ke5 Ke7 48. f6+ Kf7 49. Kf5 Kf8 50. Ke6 Ke8 51. f7+ Kf8 52. Kf6 1-0

[Event "Saratov Shestoperov Memorial U15"]
[Site "Saratov"]
[Date "2014.06.21"]
[Round "6"]
[White "Zajtzeva, Viktoria"]
[Black "Kapranov, Kirill"]
[Result "1-0"]
[WhiteElo "1868"]
[BlackElo "1648"]
[PlyCount "81"]
[EventDate "2014.06.16"]
[EventType "swiss"]
[EventRounds "9"]
[EventCountry "RUS"]
[SourceTitle "EXT 2015"]
[Source "ChessBase"]
[SourceDate "2014.11.20"]
[SourceVersion "1"]
[SourceVersionDate "2014.11.20"]
[SourceQuality "1"]

1. d4 d5 2. Bf4 Nf6 3. Nf3 e6 4. e3 Bd7 5. c3 c5 6. Bd3 Be7 7. 0-0 0-0 8. Nbd2 Nc6 9. Ne5 Rc8 10. Qf3 cxd4 11. exd4 Ne4 12. Nxe4 dxe4 13. Bxe4 f5 14. Bd3 Rf6 15. Nxd7 Qxd7 16. Rfe1 Re8 17. Rad1 Bd6 18. d5 exd5 19. Qxd5+ Kf8 20. Rxe8+ Kxe8 21. Bb5 Ke7 22. Bg5 a6 23. Bxc6 bxc6 24. Bxf6+ gxf6 25. Qxd6+ Qxd6 26. Rxd6 Kxd6 27. Kf1 Kd5 28. Ke2 Ke5 29. Kd3 Kd5 30. b4 c5 31. c4+ Kc6 32. Kc3 Kb6 33. a4 a5 34. b5 Kc7 35. Kd3 Kd6 36. Ke3 Ke6 37. Kf4 h6 38. b6 Kd6 39. Kxf5 Kc6 40. Kxf6 Kxb6 41. Ke5 1-0

[Event "Saratov Shestoperov Memorial U15"]
[Site "Saratov"]
[Date "2014.06.20"]
[Round "5"]
[White "Gitelson, Arkady"]
[Black "Zajtzeva, Viktoria"]
[Result "1/2-1/2"]
[WhiteElo "1874"]
[BlackElo "1868"]
[PlyCount "153"]
[EventDate "2014.06.16"]
[EventType "swiss"]
[EventRounds "9"]
[EventCountry "RUS"]
[SourceTitle "EXT 2015"]
[Source "ChessBase"]
[SourceDate "2014.11.20"]
[SourceVersion "1"]
[SourceVersionDate "2014.11.20"]
[SourceQuality "1"]

1. g3 Nf6 2. Bg2 e6 3. d4 Be7 4. Nf3 0-0 5. 0-0 d6 6. c4 Nbd7 7. Nc3 Rb8 8. e4 e5 9. dxe5 dxe5 10. Qe2 c6 11. Rd1 Qc7 12. h3 Re8 13. b3 h6 14. Bb2 Nh7 15. h4 Nhf6 16. Rac1 Ng4 17. Ne1 h5 18. Na4 Nb6 19. Nxb6 Qxb6 20. Nd3 Bc5 21. b4 Bf8 22. c5 Qc7 23. f3 Nf6 24. Qe3 Nd7 25. Qg5 g6 26. Bh3 Bg7 27. Bxd7 Bxd7 28. f4 Bg4 29. Re1 Qd7 30. Nxe5 Qe7 31. Qxe7 Rxe7 32. Rc2 Rd8 33. Nxg4 hxg4 34. Bxg7 Kxg7 35. e5 Rd4 36. Rb2 Red7 37. Kf2 Rd3 38. Re3 Rd2+ 39. Rxd2 Rxd2+ 40. Re2 Rd3 41. e6 Kf8 42. exf7 Kxf7 43. Rb2 Rf3+ 44. Kg2 Rd3 45. b5 Rc3 46. bxc6 bxc6 47. Rb7+ Kg8 48. Rxa7 Rxc5 49. a4 Rc2+ 50. Kf1 c5 51. a5 Rc3 52. a6 Ra3 53. Ke2 c4 54. Kd2 Kf8 55. Kc2 c3 56. Ra8+ Kg7 57. a7 Kh7 58. Rc8 Rxa7 59. Rxc3 Ra2+ 60. Kd3 Rg2 61. Ke4 Re2+ 62. Re3 Ra2 63. Ke5 Ra5+ 64. Kf6 Rf5+ 65. Ke7 Ra5 66. Rd3 Kg7 67. Ke6 Ra6+ 68. Rd6 Ra3 69. Rd7+ Kh6 70. Kf6 Ra5 71. Rd3 Ra6+ 72. Ke5 Ra5+ 73. Ke4 Ra2 74. Ke5 Ra5+ 75. Ke4 Ra2 76. Ke5 Ra5+ 77. Ke4 1/2-1/2